Komparácia externých zdrojov financovania majetku vo vybranom podniku diplomová práca

Gespeichert in:
Bibliographische Detailangaben
1. Verfasser: Drugová, Tímea
Körperschaft: Podnikovohospodárska fakulta EU so sídlom v Košiciach. Katedra finančného riadenia podniku
Weitere Verfasser: Manová, Eva, 1957-
Format: Buch
Sprache:Slowakisch
Veröffentlicht: Košice 2022
Tags: Tag hinzufügen
Keine Tags, Fügen Sie das erste Tag hinzu!

MARC

LEADER 00000nbm a2200000 4500
001 0284758
005 20230421134502.0
041 0 |a slo 
044 |a SK 
245 1 0 |a Komparácia externých zdrojov financovania majetku vo vybranom podniku  |b diplomová práca  |c Tímea Drugová ; školiteľ: Eva Manová 
264 1 |a Košice  |c 2022 
300 |a 72 s. 
100 1 |a Drugová, Tímea 
700 1 |a Manová, Eva, 1957- 
710 2 |a Podnikovohospodárska fakulta EU so sídlom v Košiciach. Katedra finančného riadenia podniku